000 00559nam a2200217Ia 4500
008 101110s9999 xx 000 0 und d
041 _aMARATHI
082 _bSR28413
100 _aKosanbi D.D.
245 _aPrachin bharatiya sanskruti va sabhyata
260 _c2006
_bDiamond Publishing, Pune
300 _a281
365 _b200
520 _aHistory
546 _aMARATHI
630 _aPrachin bharatiya sanskruti va sabhyata
650 _aHistory
655 _aHistory
730 _aPrachin bharatiya sanskruti va sabhyata
942 _cBOOK
999 _c820949
_d820946